000 00732nam a2200253 a 4500
001 75133
003 BD-RjUL
005 20211209082642.0
008 170525t19631959n a b 001 0 eng
035 _a(BD-RjUL)75351
040 _aDLC
_cDLC
_dDLC
_dBD-RjUL
_beng
041 _aeng
082 0 0 _a581.3
_223
_bAUP 1963
100 _aAudus, L. J.
_9227328
245 1 0 _aPlant growth substances /
_cL J Audus
250 _a2nd.ed.
260 _aLondon :
_b Leonard Hill,
_cc1959
260 _aNewYork :
_bInterscience pub. ,
_c1963
300 _axxii, 553 p. :
_bill. ;
_c24 cm.
490 _aPlant science monograph./ ed.by Nicholas Polunin
500 _aIncludes index.
650 0 _aPlant regulators
_9159096
942 _2ddc
_cBK
999 _c75133
_d75133